000 00804nam a22002297a 4500
999 _c6703
_d6703
003 AR-CdUCM
008 190319b ||||| |||| 00| 0 spa d
020 _a950-9097-98-5
040 _aMUNICIPALIDAD PROVINCIAL DEL CUSCO
_cBIBLIOTECA MUNICIPAL DEL CUSCO
041 _heng
082 _a070 /
_bP28
100 _aPatten, David A.
_918862
245 _aLa prensa gráfica ante los medios de comunicación /
260 _aBuenos Aires :
_bFraterna,
_c1989.
300 _a159 páginas ;
_c20 cm.
505 _aContenido: El advenimiento de los nuevos medios -- El matrimonio periódicos-cable -- Evaluando incursiones en los nuevos medios ...
650 _aPeriodismo
_91929
650 _aMedios de comunicación de masas
_918863
650 _aVideotex
_918864
942 _2ddc
_cLIBROS
945 _aachl